La chartreuse de Parme de Stendhal

Salvato in:
Dettagli Bibliografici
Autore principale: Rey, Pierre-Louis
Natura: Libro
Lingua:Undetermined
Pubblicazione: París, Francia Presses Universitaires de France 1992
Soggetti:
Tags: Aggiungi Tag
Nessun Tag, puoi essere il primo ad aggiungerne!!

MARC

LEADER 00000nam a2200000Ia 4500
008 170316s9999 xx 000 0 und d
020 |a 2-13-044221-8 
040 |a cru BVZT 
090 |a C-840 R-1.1s 
100 |a Rey, Pierre-Louis 
245 |a La chartreuse de Parme de Stendhal 
260 |a París, Francia 
260 |b Presses Universitaires de France 
260 |c 1992 
300 |a 125 páginas 
650 |a LITERATURA FRANCESA  |9 109 
650 |a CRÍTICA 
999 |c 28382  |d 28382 
942 |c LIB  |h C-840 R-1.1s  |2 z